|
|
|
|
| LEADER |
02493nam a2200649 i 4500 |
| 001 |
nkc20233567141 |
| 003 |
CZ PrNK |
| 005 |
20231218082649.0 |
| 007 |
ta |
| 008 |
231114s2023 xr ac e c 001 0dcze |
| 015 |
|
|
|a cnb003567141
|
| 020 |
|
|
|a 978-80-7035-821-4
|q (brožováno)
|
| 035 |
|
|
|a (OCoLC)1416936213
|
| 040 |
|
|
|a BOA001
|b cze
|e rda
|
| 043 |
|
|
|a e-xr---
|a e-au---
|
| 045 |
|
|
|a w-w-
|
| 072 |
|
7 |
|a 75
|x Malířství
|2 Konspekt
|9 21
|
| 080 |
|
|
|a 75(437.3)
|2 MRF
|
| 080 |
|
|
|a 75(436)
|2 MRF
|
| 080 |
|
|
|a 75.021.32
|2 MRF
|
| 080 |
|
|
|a 7.011:316.72/.75
|2 MRF
|
| 080 |
|
|
|a (437.3)
|2 MRF
|
| 080 |
|
|
|a (436)
|2 MRF
|
| 080 |
|
|
|a (083.824)
|2 MRF
|
| 080 |
|
|
|a (048.8)
|2 MRF
|
| 100 |
1 |
|
|a Šámal, Petr,
|d 1977-
|7 jo2009524700
|4 aut
|
| 245 |
1 |
0 |
|a Akvarel 19. století mezi Prahou a Vídní /
|c Petr Šámal
|
| 264 |
|
1 |
|a V Praze :
|b Národní galerie,
|c 2023
|
| 300 |
|
|
|a 181 stran :
|b ilustrace (převážně barevné), portréty ;
|c 27 cm
|
| 336 |
|
|
|a text
|b txt
|2 rdacontent
|
| 336 |
|
|
|a statický obraz
|b sti
|2 rdacontent
|
| 337 |
|
|
|a bez média
|b n
|2 rdamedia
|
| 338 |
|
|
|a svazek
|b nc
|2 rdacarrier
|
| 500 |
|
|
|a "Koncepce, text: Per Šámal"--Tiráž
|
| 500 |
|
|
|a Vydáno ke stejnojmenné výstavě konané v Národní galerii v Praze, Veletržním paláci, 22.9.2023-7.1.2024
|
| 504 |
|
|
|a Obsahuje bibliografii, bibliografické odkazy a rejstřík
|
| 648 |
|
7 |
|a 19. století
|7 ch460557
|2 czenas
|
| 650 |
0 |
7 |
|a české malířství
|7 ph116864
|y 19. století
|2 czenas
|
| 650 |
0 |
7 |
|a rakouské malířství
|7 ph125016
|y 19. století
|2 czenas
|
| 650 |
0 |
7 |
|a akvarely
|7 ph118334
|z Česko
|y 19. století
|2 czenas
|
| 650 |
0 |
7 |
|a akvarely
|7 ph118334
|z Rakousko
|y 19. století
|2 czenas
|
| 650 |
0 |
7 |
|a umění a společnost
|7 ph126924
|y 19. století
|2 czenas
|
| 650 |
0 |
9 |
|a Czech painting
|y 19th century
|2 eczenas
|
| 650 |
0 |
9 |
|a Austrian painting
|y 19th century
|2 eczenas
|
| 650 |
0 |
9 |
|a watercolours
|z Czechia
|y 19th century
|2 eczenas
|
| 650 |
0 |
9 |
|a watercolours
|z Austria
|y 19th century
|2 eczenas
|
| 650 |
0 |
9 |
|a art and society
|y 19th century
|2 eczenas
|
| 655 |
|
7 |
|a katalogy výstav
|7 fd132536
|2 czenas
|
| 655 |
|
7 |
|a monografie
|7 fd132842
|2 czenas
|
| 655 |
|
9 |
|a exhibition catalogs
|2 eczenas
|
| 655 |
|
9 |
|a monographs
|2 eczenas
|
| 710 |
2 |
|
|a Veletržní palác (Praha, Česko)
|7 kn20050509008
|4 orm
|
| 910 |
2 |
|
|a BOA001
|b 3-1517.010
|
| 990 |
|
|
|a BK
|
| 995 |
|
|
|a 01
|
| 991 |
|
|
|b 202311
|c NOV
|
| 996 |
6 |
|
|b 2610953509
|c 3-1517.010
|l MZK
|r Sklad / do 1 hodiny
|n 1
|p p.v.
|w 001944676
|u 000010
|a 1
|e BOA001
|j MZK50
|s P
|